| 000 | 00875nam a2200265 i 4500 | ||
|---|---|---|---|
| 001 | 10004 | ||
| 003 | ES-MaACL | ||
| 005 | 20250804011338.0 | ||
| 007 | t| | ||
| 008 | 940801s1994 sp ||||1| spa d | ||
| 020 | _a84-206-1685-0 | ||
| 080 | _a84-311.1/2"18" | ||
| 080 | _a84(Stendhal.7 C.03=6) | ||
| 100 | 0 |
_aStendhal, _d1783-1842 _9108086 |
|
| 245 | 1 | 3 |
_aLa Cartuja de Parma / _ctraducción, prólogo y notas de Consuelo Berges ; apéndice de Honoré de Balzac. |
| 250 | _a1ª ed., 5ª reimp. | ||
| 260 |
_aMadrid : _bAlianza, _c1994. |
||
| 300 |
_a616 p. ; _c18 cm. |
||
| 490 | 1 |
_aEl libro de bolsillo. Clásicos ; _v685 |
|
| 700 | 1 |
_aBerges, Consuelo. _927982 |
|
| 700 | 1 |
_aBalzac, Honoré de, _d1799-1850 _925139 |
|
| 830 | 0 | 3 |
_aEl libro de bolsillo. _pClásicos _v685 _9179723 |
| 852 |
_aES-MaACL _jL-17454 _bR.123035 |
||
| 999 |
_c10004 _d10004 |
||